Hojenie rán

Bibliographic Details
Main Author: Endrödiová, Lenka (Author)
Format: Article
Language:Slovak
Subjects:

MARC

LEADER 00000nab a2200000 a 4500
001 vtls000628897
003 SK-MaSNL
005 20260304094814.0
008 250425c1997 xo 0 slo
015 |a SNBRB19rr/mm-uuuuu 
035 |a CL0629036 
035 |a urn:nbn:sk:snk-abbqwe 
035 |a (urnnbn)urn:nbn:sk:snk:ar-002v2w 
035 |a (uuid)f3fbf26b-7924-410b-b13e-b9bc31d99547 
040 |a SNKBUCL  |b slo  |c SNKBUCL  |e AACR2 
041 0 |a slo 
044 |a xo  |c SK 
080 |a 885.4-1  |2 1981 
100 1 |a Endrödiová, Lenka  |4 aut  |9 417315 
245 1 0 |a Hojenie rán  |c Lenka Endrödiová 
500 |a Inform. o aut. 
650 0 7 |a miniatúry básnické  |2 snkbucl  |9 900261 
655 7 |a články z novín a časopisov  |2 snkbucl  |9 267496 
773 0 |t Dotyky  |g Roč. 9, č. 4 (1997)  |g S. 7 
773 0 |t [Príl.] Katapult  |g Roč. 9, č. 4 (1997)  |g S. 7 
850 |a Slovenská národná knižnica 
852 |a Slovenská národná knižnica 
958 |a article15 
958 |a OND 
958 |a LX 
958 |a SK 
958 |a RK 
958 |a EUIPO 
992 |a RBX 
999 |c 2829057  |d 2830987